00830nam a2200181 a 450000100100000000500170001000800410002704000250006808200150009310000380010824500530014624601700019926000430036930000280041250000780044095201130051899900170063100004512820201002045913.0150204s2005 dr a 000 0 spa d aDO-SdBNPbspacBNPHU axxxxbxxxx1 aCastillo soto, Luis Dantes97314613aLa cuesta mágica /cLuis Dantes-Castillo Soto.13aLa cuesta mágica :bven a descubrir el lugar donde Los Reyes Magos, La Vieja Belen y Santa Claus buscan los juguetes que les ponen a los niños de todo el mundo / aSanto Domingo :bSoto Castillo,c2005. a115 p. :bil. ;c21 cm. aIncluye datos biográficos de la autor en la solapa de la contracubierta 0010718PDaPDbPDcCTd2015-02-04iLF1l0oxxxx xxxxp45128-10r2020-06-25w2020-06-25yLFPDZNo se presta c44617d44617